000 00751nam a2200289Ia 4500
005 20260324144150.0
008 008 260324s9999 xx 000 0 eng d
020 _a9781315170305
037 _aEBOOK
040 _aCRL
040 _beng
040 _cCRL
041 _2eng
041 _aeng
084 _qCRL
100 _aPeter Bramham; Ian Henry; Hans Mommaas; Hugo van der Poel
_91218332
245 0 _aLeisure and Urban Processes
245 0 _bCritical Studies of Leisure Policy in Western European Cities
260 _bTaylor and Francis
260 _c1989
365 _a
365 _b230
856 _uhttp://www.taylorfrancis.com/books/9781315170305
942 _cEBOOK
999 _c1824589
_d1824589